Prínos riadenia rizika na tvorbu hodnoty podnikov

Podnikateľská prax a riadenie rizík. Proces rozhodovania ako kľúčová súčasť riadenia firiem. Identifikácia, stanovenie významnosti a hodnotenie veľkosti rizika. Operatívne riadenie rizika a realizácia opatrení zníženia rizika.

Salvato in:
Dettagli Bibliografici
Autore principale: Kissová, Jana, 1979-
Natura: Capitolo di libro
Lingua:slovacco
Soggetti:
Tags: Aggiungi Tag
Nessun Tag, puoi essere il primo ad aggiungerne!!

MARC

LEADER 00000nla$a2200000$$$4500
001 0124515
005 20240502072417.3
041 0 |a slo 
044 |a SK 
245 1 0 |a Prínos riadenia rizika na tvorbu hodnoty podnikov  |c Jana Kissová 
520 |a Podnikateľská prax a riadenie rizík. Proces rozhodovania ako kľúčová súčasť riadenia firiem. Identifikácia, stanovenie významnosti a hodnotenie veľkosti rizika. Operatívne riadenie rizika a realizácia opatrení zníženia rizika. 
610 2 0 |a manažment 
610 2 0 |a manažment krízový 
610 2 0 |a riadenie rizík 
610 2 0 |a riadenie zmien 
610 2 0 |a rozhodovanie manažérske 
610 2 0 |a procesy podnikové 
610 2 0 |a stratégia podniková 
610 2 0 |a výkony podnikové 
610 2 0 |a ciele riadenia 
100 1 |a Kissová, Jana, 1979-